Music Quiz

Random Music or Artist Quiz
Score 0/20 Timer 04:00
0 Plays Today
Track 1 Album % Correct
London CallingLondon Calling
97.4%
Black DogLed Zeppelin IV
92.3%
Black SabbathBlack Sabbath
92.3%
Shine On You Crazy Diamond (Parts I-V)Wish You Were Here
88.7%
Baba O'RileyWho's Next
88.7%
Speak To MeThe Dark Side of the Moon
87.2%
War PigsParanoid
86.7%
Brown SugarSticky Fingers
82.1%
Pigs On The Wing 1Animals
81%
Pink MoonPink Moon
74.9%
Track 1 Album % Correct
Five YearsThe Rise & Fall of Ziggy Stardust & The Spiders From Mars
74.4%
Tangled Up In BlueBlood On The Tracks
72.3%
ChangesHunky Dory
71.3%
RedRed
63.1%
DisorderUnknown Pleasures
57.4%
Sweet LeafMaster of Reality
53.3%
See No EvilMarquee Moon
52.3%
Speed of LifeLow
48.2%
Down On The StreetFun House
30.8%
Tell Me WhyAfter The Gold Rush
30.3%
Remove Ads.
Support Sporcle.
Get the best of Sporcle when you Go Orange. This ad-free experience offers more features, more stats, and more fun while also helping to support Sporcle. Thank you for becoming a member.

You're not logged in!

Compare scores with friends on all Sporcle quizzes.
OR
Log In

Show Comments

Extras

Top Quizzes Today


Score Distribution

Your Account Isn't Verified!

In order to create a playlist on Sporcle, you need to verify the email address you used during registration. Go to your Sporcle Settings to finish the process.

Report this User

Report this user for behavior that violates our Community Guidelines.

Details: